Sports Quiz

Random Sports or Baseball Quiz

2012 Brewers by Baseball America Prospect Ranking Quiz Stats

 Plays Quiz not verified by Sporcle

Score 0/13 Timer 07:00
0 Plays Today
Rank Player % Correct
????
100%
????
86.7%
????
66.7%
????
40%
????
33.3%
????
23.3%
????
20%
????
20%
????
20%
????
20%
????
20%
????
20%
????
20%

You're not logged in!

Compare scores with friends on all Sporcle quizzes.
OR
Log In

Show Comments

Extras

Top Quizzes Today


Score Distribution

Your Account Isn't Verified!

In order to create a playlist on Sporcle, you need to verify the email address you used during registration. Go to your Sporcle Settings to finish the process.

Report this User

Report this user for behavior that violates our Community Guidelines.

Details: